Materials for Inspirational Design /
Enregistré dans:
| Auteur principal: | |
|---|---|
| Format: | Livre |
| Langue: | anglais |
| Publié: |
Mies :
RotoVision SA,
2006
|
| Édition: | 1. vydanie |
| Sujets: | |
| Tags: |
Pas de tags, Soyez le premier à ajouter un tag!
|
MARC
| LEADER | 00000nam a22000003a 4500 | ||
|---|---|---|---|
| 001 | 0031490 | ||
| 003 | SK-STU | ||
| 005 | 20190325163954.5 | ||
| 007 | ta | ||
| 008 | 180228s ----xo-----e------000-0-----d | ||
| 020 | |a 978-2-940361-50-2 | ||
| 040 | |a STU |b slo | ||
| 041 | 0 | |a eng | |
| 044 | |a sz | ||
| 100 | 1 | |a Lefteri, Chris |4 aut | |
| 245 | 1 | 0 | |a Materials for Inspirational Design / |c aut. Chris Lefteri |
| 250 | |a 1. vydanie | ||
| 260 | |a Mies : |b RotoVision SA, |c 2006 | ||
| 300 | |a 256 s. | ||
| 650 | 0 | 7 | |a materiály |
| 650 | 0 | 7 | |a dizajn |
| 650 | 0 | 7 | |a dizajn výrobkov |
| 996 | |b 284AU07264 |c A* 10513/U |l AAKNST |s P |a 0 |w 0031490_0001 | ||